|
|
|
|
| LEADER |
00000nab a2200000 a 4500 |
| 001 |
vtls000312542 |
| 003 |
SK-MaSNL |
| 005 |
20260302215456.0 |
| 008 |
111201c1978 xo 0 slo |
| 015 |
|
|
|a SNBRB19rr/mm-uuuuu
|
| 035 |
|
|
|a CL0002634
|
| 040 |
|
|
|a SNKBUCL
|b slo
|c SNKBUCL
|e AACR2
|
| 041 |
0 |
|
|a slo
|
| 044 |
|
|
|a xo
|c SK
|
| 080 |
|
|
|a 355/359
|2 1981
|
| 100 |
1 |
|
|a Bednarič, Alfonz
|4 aut
|9 575158
|
| 245 |
1 |
0 |
|a Spoľahlivá a verná opora
|b Generálny tajomník ÚV KSČ a prezident ČSSR prijal zástupcov Ľudových milícií
|c Alfonz Bednarič
|
| 650 |
0 |
7 |
|a Ľudové milície
|2 snkbucl
|9 510668
|
| 655 |
|
7 |
|a články z novín a časopisov
|2 snkbucl
|9 267496
|
| 773 |
0 |
|
|t Pravda
|g Roč. 59, č. 44 (21. 2. 1978), s. 1
|
| 850 |
|
|
|a Slovenská národná knižnica v Martine
|a MTA001
|
| 852 |
|
|
|a SNK
|b KIS3GCP
|
| 958 |
|
|
|a RK
|
| 992 |
|
|
|a RBX
|
| 999 |
|
|
|c 1502513
|d 1504443
|